Miniosemsmerovky + iné hlavolamy a hračky

Bibliographic Details
Other Authors: Kordisch, Ľudovít (Compiler, Publishing director)
Format: Journal
Language:Slovak
PhysicalDescription:zv. 21 cm
Published: Bratislava Svet v krížovkách 1994-
Bratislava Ľudovít Kordisch
Bratislava Matej Kordisch
ISSN:1335-4728
Subjects:

MARC

LEADER 00000cas a2200000 a 4500
001 vtls008834660
003 SK-MaSNL
005 20260228161110.0
008 060727c19949999xo mr p 0 b0slo
022 |a 1335-4728 
040 |a SNK  |b slo  |c SNK  |e AACR2 
041 0 |a slo 
044 |a xo  |c SK 
072 7 |a 793  |x Spoločenské zábavy  |2 konspekt 
080 |a 793.7  |2 2011 
080 |a 050  |2 2011 
080 |a 379.8(051)  |2 2011 
084 |a MIČ 49452  |2 mksr 
210 0 |a Miniosemsmerovky  |b (Bratisl.) 
222 0 |a Miniosemsmerovky  |b (Bratislava) 
245 0 0 |a Miniosemsmerovky  |b + iné hlavolamy a hračky 
246 1 3 |a Mini osemsmerovky 
260 |a Bratislava  |b Svet v krížovkách  |c 1994- 
260 2 |3 7/2016-1/2018  |a Bratislava  |b Ľudovít Kordisch 
260 3 |3 2/2018-  |a Bratislava  |b Matej Kordisch 
300 |a zv.  |c 21 cm 
310 |a 1x mesačne 
362 0 |a Č. 1 (1994)-č. 6 (1995) ; roč. 3, č. 1 (1996)- 
500 |a Reg. číslo: 1095/94 ; EV 3119/09 (492/08) 
500 |a Ročníkovanie uvádzajú od r. 1996 - roč. 3 ... atď. 
500 |a Zost.: 1994-3/2000, Ľudovít Kordisch 
500 |a V r. 1994 vyšlo len č. 1 = zima 
500 |a Red.: 4/2000-2/2015, L. Kordisch 
500 |a Šéfred.: 3/2015-6/2016, L. Kordisch 
515 |a V r. 2006 a 2007 je uvedený rovnaký roč. 13 
650 0 7 |a krížovky  |2 SNKPH  |9 3313 
655 7 |a časopisy pre voľný čas  |2 SNKPH  |9 70337 
700 1 |a Kordisch, Ľudovít  |4 com  |4 red  |4 pbd  |4 pbl  |9 265650 
700 1 |a Kordisch, Matej  |4 pbl  |9 267975 
910 |a snk 
999 |c 4306  |d 6236 
952 |0 0  |1 0  |4 0  |7 0  |8 0  |a SNK  |b SNK  |d 2009-03-16  |i snk2009/5445  |l 0  |o snkČSD 2068/9/2002  |p 17A0600271  |r 2026-02-21 19:30:52  |t č. 1-12  |w 2026-02-21  |y PREZ 
952 |0 0  |1 0  |4 0  |7 0  |8 0  |a SNK  |b SNK  |d 2009-03-16  |i snk2009/5446  |l 0  |o snkČSD 2068/9/2002 D1  |p 17A0600272  |r 2026-02-21 19:30:52  |t č. 1-12  |w 2026-02-21  |y PREZ 
952 |0 0  |1 0  |4 0  |7 0  |8 0  |a SNK  |b SNK  |d 2009-03-16  |i snk2009/5448  |l 0  |o snkČSD 2068/10/2003 D1  |p 17A0600274  |r 2026-02-21 19:30:52  |t č. 1-12  |w 2026-02-21  |y PREZ 
952 |0 0  |1 0  |4 0  |7 0  |8 0  |a SNK  |b SNK  |d 2009-03-16  |i snk2009/5449  |l 0  |o snkČSD 2068/11/2004  |p 17A0600284  |r 2026-02-21 19:30:52  |t č. 1-12  |w 2026-02-21  |y PREZ 
952 |0 0  |1 0  |4 0  |7 0  |8 0  |a SNK  |b SNK  |d 2009-03-16  |i snk2009/5450  |l 0  |o snkČSD 2068/11/2004 D1  |p 17A0600283  |r 2026-02-21 19:30:52  |t č. 1-12  |w 2026-02-21  |y PREZ 
952 |0 0  |1 0  |4 0  |7 0  |8 0  |a SNK  |b SNK  |d 2022-03-22  |i snk2022/4478  |l 0  |o snkČSD 2068/26/2020  |p 17A1462498  |r 2026-02-21 19:59:18  |t č. 1-12  |w 2026-02-21  |y PREZ 
952 |0 0  |1 0  |4 0  |7 0  |8 0  |a SNK  |b SNK  |d 2022-03-22  |i snk2022/4479  |l 0  |o snkČSD 2068/27/2021  |p 17A1462499  |r 2026-02-21 19:59:18  |t č. 1-12  |w 2026-02-21  |y PREZ 
952 |0 0  |1 0  |4 0  |7 0  |8 0  |a SNK  |b SNK  |d 2024-09-06  |i snk2024/13970  |l 0  |o snkČSD 2068/29/2023  |p 17A1524304  |r 2026-02-21 20:00:18  |t č. 1-12  |w 2026-02-21  |y PREZ 
952 |0 0  |1 0  |4 0  |7 0  |8 0  |a SNK  |b SNK  |d 2009-03-16  |i snk2009/5447  |l 0  |o snkČSD 2068/10/2003  |p 17A0600273  |r 2026-02-21 20:22:02  |t č. 1-12  |w 2026-02-21  |y PREZ 
952 |0 0  |1 0  |4 0  |7 0  |a SNK  |b SNK  |d 2011-11-25  |i snk2002/1447  |l 0  |o snkČSD 2068/7/2000 D1  |p 17A0709847  |r 2026-02-21 20:40:03  |t č. 1-12  |w 2026-02-21  |y PREZ 
952 |0 0  |1 0  |4 0  |7 0  |a SNK  |b SNK  |d 2019-06-19  |i snkČSP 400/2002  |l 0  |o snkČSD 2068/5/1998 D1  |p 17A1368342  |r 2026-02-21 21:11:22  |t č. 1-12  |w 2026-02-21  |y PREZ 
952 |0 0  |1 0  |4 0  |7 0  |8 0  |a SNK  |b SNK  |d 2023-05-16  |i snk2023/7735  |l 0  |o snkČSD 2068/28/2022  |p 17A1520319  |r 2026-02-21 21:39:38  |t č. 1-12, neúplné  |w 2026-02-21  |y PREZ  |z Chýba č. 4 
952 |0 0  |1 0  |4 0  |7 0  |8 0  |a SNK  |b SNK  |d 2019-06-12  |i snk2019/16235  |l 0  |o snkČSD 2068/12/2005  |p 17A1368306  |r 2026-02-21 22:14:24  |t č. 1-10, neúplné  |w 2026-02-21  |y PREZ  |z Chýba vianočné číslo - zima 
952 |0 0  |1 0  |4 0  |7 0  |8 0  |a SNK  |b SNK  |d 2019-06-12  |i snk2019/16238  |l 0  |o snkČSD 2068/13/2006  |p 17A1368307  |r 2026-02-21 22:14:25  |t č. 1-12  |w 2026-02-21  |y PREZ 
952 |0 0  |1 0  |4 0  |7 0  |8 0  |a SNK  |b SNK  |d 2019-06-12  |i snk2019/16246  |l 0  |o snkČSD 2068/13/2007  |p 17A1368308  |r 2026-02-21 22:14:25  |t č. 1-12  |w 2026-02-21  |y PREZ  |z V časopise je uvedený roč. 13  
952 |0 0  |1 0  |4 0  |7 0  |8 0  |a SNK  |b SNK  |d 2019-06-12  |i snk2019/16250  |l 0  |o snkČSD 2068/14/2008  |p 17A1368309  |r 2026-02-21 22:14:25  |t č. 1-12  |w 2026-02-21  |y PREZ 
952 |0 0  |1 0  |4 0  |7 0  |8 0  |a SNK  |b SNK  |d 2019-06-12  |i snk2019/16253  |l 0  |o snkČSD 2068/15/2009  |p 17A1368310  |r 2026-02-21 22:14:25  |t č. 1-12  |w 2026-02-21  |y PREZ 
952 |0 0  |1 0  |4 0  |7 0  |8 0  |a SNK  |b SNK  |d 2019-06-12  |i snk2019/16256  |l 0  |o snkČSD 2068/16/2010  |p 17A1368311  |r 2026-02-21 22:14:25  |t č. 1-12  |w 2026-02-21  |y PREZ 
952 |0 0  |1 0  |4 0  |7 0  |8 0  |a SNK  |b SNK  |d 2019-06-12  |i snk2019/16259  |l 0  |o snkČSD 2068/17/2011  |p 17A1368312  |r 2026-02-21 22:14:25  |t č. 1-12  |w 2026-02-21  |y PREZ 
952 |0 0  |1 0  |4 0  |7 0  |8 0  |a SNK  |b SNK  |d 2019-06-12  |i snk2019/16261  |l 0  |o snkČSD 2068/18/2012  |p 17A1368313  |r 2026-02-21 22:14:25  |t č. 1-12  |w 2026-02-21  |y PREZ 
952 |0 0  |1 0  |4 0  |7 0  |8 0  |a SNK  |b SNK  |d 2019-06-12  |i snk2019/16268  |l 0  |o snkČSD 2068/19/2013  |p 17A1368314  |r 2026-02-21 22:14:25  |t č. 1-12  |w 2026-02-21  |y PREZ 
952 |0 0  |1 0  |4 0  |7 0  |8 0  |a SNK  |b SNK  |d 2019-06-12  |i snk2019/16269  |l 0  |o snkČSD 2068/20/2014  |p 17A1368315  |r 2026-02-21 22:14:25  |t č. 1-12  |w 2026-02-21  |y PREZ 
952 |0 0  |1 0  |4 0  |7 0  |8 0  |a SNK  |b SNK  |d 2019-06-12  |i snk2019/16270  |l 0  |o snkČSD 2068/21/2015  |p 17A1368316  |r 2026-02-21 22:14:25  |t č. 1-12  |w 2026-02-21  |y PREZ 
952 |0 0  |1 0  |4 0  |7 0  |8 0  |a SNK  |b SNK  |d 2019-06-12  |i snk2019/16273  |l 0  |o snkČSD 2068/22/2016  |p 17A1368317  |r 2026-02-21 22:14:25  |t č. 1-12  |w 2026-02-21  |y PREZ 
952 |0 0  |1 0  |4 0  |7 0  |8 0  |a SNK  |b SNK  |d 2019-06-12  |i snk2019/16275  |l 0  |o snkČSD 2068/23/2017  |p 17A1368318  |r 2026-02-21 22:14:31  |t č. 1-12  |w 2026-02-21  |y PREZ 
952 |0 0  |1 0  |4 0  |7 0  |8 0  |a SNK  |b SNK  |d 2019-06-12  |i snk2019/16276  |l 0  |o snkČSD 2068/24/2018  |p 17A1368319  |r 2026-02-21 22:14:31  |t č. 1-12  |w 2026-02-21  |y PREZ 
952 |0 0  |1 0  |4 0  |7 0  |a SNK  |b SNK  |d 2019-06-19  |i snkČSP 246/98  |l 0  |o snkČSD 2068/1994  |p 17A0882158  |r 2026-02-21 22:14:43  |t č. 1  |w 2026-02-21  |y PREZ  |z Vyšlo len jedno číslo, č. 1 = zima 
952 |0 0  |1 0  |4 0  |7 0  |a SNK  |b SNK  |d 2019-06-19  |i snkČSP 244/98  |l 0  |o snkČSD 2068/1995  |p 17A0882157  |r 2026-02-21 22:14:44  |t č. 1-6  |w 2026-02-21  |y PREZ 
952 |0 0  |1 0  |4 0  |7 0  |a SNK  |b SNK  |d 2019-06-19  |i snkČSP 242/98  |l 0  |o snkČSD 2068/3/1996  |p 17A0882156  |r 2026-02-21 22:14:44  |t č. 1-12  |w 2026-02-21  |y PREZ 
952 |0 0  |1 0  |4 0  |7 0  |a SNK  |b SNK  |d 2019-06-19  |i snkČSP 1444/2002  |l 0  |o snkČSD 2068/4/1997  |p 17A0882155  |r 2026-02-21 22:14:44  |t č. 1-12  |w 2026-02-21  |y PREZ 
952 |0 0  |1 0  |4 0  |7 0  |a SNK  |b SNK  |d 2019-06-19  |i snkČSP 399/2002  |l 0  |o snkČSD 2068/5/1998  |p 17A0882154  |r 2026-02-21 22:14:44  |t č. 1-12  |w 2026-02-21  |y PREZ 
952 |0 0  |1 0  |4 0  |7 0  |a SNK  |b SNK  |d 2019-06-19  |i snkČSP 397/2002  |l 0  |o snkČSD 2068/6/1999  |p 17A0882153  |r 2026-02-21 22:14:44  |t č. 1-12  |w 2026-02-21  |y PREZ 
952 |0 0  |1 0  |4 0  |7 0  |a SNK  |b SNK  |d 2019-06-19  |i snkČSP 1446/2002  |l 0  |o snkČSD 2068/7/2000  |p 17A0882152  |r 2026-02-21 22:14:44  |t č. 1-12  |w 2026-02-21  |y PREZ 
952 |0 0  |1 0  |4 0  |7 0  |a SNK  |b SNK  |d 2019-06-19  |i snkČSP 403/2002  |l 0  |o snkČSD 2068/8/2001  |p 17A0893327  |r 2026-02-21 22:14:44  |t č. 1-12  |w 2026-02-21  |y PREZ 
952 |0 0  |1 0  |4 0  |7 0  |a SNK  |b SNK  |d 2019-06-19  |i snkČSP 247/98  |l 0  |o snkČSD 2068/1994 D1  |p 17A1368338  |r 2026-02-21 22:14:44  |t č. 1  |w 2026-02-21  |y PREZ  |z Vyšlo len č. 1 = zima 
952 |0 0  |1 0  |4 0  |7 0  |a SNK  |b SNK  |d 2019-06-19  |i snkČSP 245/98  |l 0  |o snkČSD 2068/1995 D1  |p 17A1368339  |r 2026-02-21 22:14:44  |t č. 1-6  |w 2026-02-21  |y PREZ 
952 |0 0  |1 0  |4 0  |7 0  |a SNK  |b SNK  |d 2019-06-19  |i snkČSP 243/98  |l 0  |o snkČSD 2068/3/1996 D1  |p 17A1368340  |r 2026-02-21 22:14:44  |t č. 1-12  |w 2026-02-21  |y PREZ 
952 |0 0  |1 0  |4 0  |7 0  |a SNK  |b SNK  |d 2019-06-19  |i snkČSP 1445/2002  |l 0  |o snkČSD 2068/4/1997 D1  |p 17A1368341  |r 2026-02-21 22:14:44  |t č. 1-12  |w 2026-02-21  |y PREZ 
952 |0 0  |1 0  |4 0  |7 0  |a SNK  |b SNK  |d 2019-06-19  |i snkČSP 398/2002  |l 0  |o snkČSD 2068/6/1999 D1  |p 17A1368343  |r 2026-02-21 22:14:44  |t č. 1-12  |w 2026-02-21  |y PREZ 
952 |0 0  |1 0  |4 0  |7 0  |a SNK  |b SNK  |d 2019-06-19  |i snkČSP 404/2002  |l 0  |o snkČSD 2068/8/2001 D1  |p 17A1368344  |r 2026-02-21 22:14:44  |t č. 1-12  |w 2026-02-21  |y PREZ 
952 |0 0  |1 0  |4 0  |7 0  |8 0  |a SNK  |b SNK  |d 2020-10-29  |i snk2020/20101  |l 0  |o snkČSD 2068/25/2019  |p 17A1432919  |r 2026-02-21 22:23:30  |t č. 1-12  |w 2026-02-21  |y PREZ